| 000 | 00845nam a22002177a 4500 | ||
|---|---|---|---|
| 005 | 20100309141057.0 | ||
| 008 | 100309t xxu||||| |||| 00| 0 eng d | ||
| 010 | _aENG-95873 | ||
| 020 |
_a9788184551464 _c750.00 |
||
| 035 | _aEN-79406 | ||
| 037 | _bDBAD/PUB | ||
| 040 | _aDPL | ||
| 082 | _a880.9 | ||
| 100 | _aDas, Ajay | ||
| 245 |
_aA short history of English literature/ _cby Ajay Das |
||
| 260 |
_aNew Delhi _bOmega Publications _c2009 |
||
| 270 |
_a4378/4B, G-4, JMD House, Gali Murari Lal, Ansari Road, Darya Ganj _bNew Delhi _e110002 |
||
| 300 |
_a307p : _c23 cm. (Hb) _eBibliography from page 303 to 307 |
||
| 942 |
_2ddc _cEN _mDAS _h880.9 |
||
| 999 |
_c34527 _d34527 |
||